00940cam a22002414a 45000010009000000050017000090080041000260100017000670200036000840500023001201000028001432450087001712600060002583000065003184400034003835040064004176500023004816500023005046500036005276500034005636510024005978560077006211311992020170206103528.0030311s2003 wiua b 001 0 eng  a 2003005652 a0299189902 (cloth : alk. paper)00aNK7907.2 .C37 20031 aCarpino, Alexandra Ann.10aDiscs of splendor :bthe relief mirrors of the Etruscans /cAlexandra Ann Carpino. aMadison, Wis. :bUniversity of Wisconsin Press,cc2003. axvii, 156 p., 120 p. of plates :bill. (some col.) ;c26 cm. 0aWisconsin studies in classics aIncludes bibliographical references (p. 141-148) and index. 0aBronzes, Etruscan. 0aMirrors, Etruscan. 0aBronze mirrors, AncientzItaly. 0aRelief (Sculpture), Etruscan. 0aItalyxAntiquities.413Table of contentsuhttp://www.loc.gov/catdir/toc/ecip041/2003005652.html